LEADER 00956nam a2200205 i 4500 001 000000253779 003 CaOOAMICUS 005 20170413000000.0 008 170413s1819 it u000 u ita u 013 $a232684 026 $a4.5. 4.7. hana Into (3) 1819 (A) 040 $aSeMil$bita 245 10$aVol. 6. 300 $a281, [3] p., [3] c. di tav. di cui 2 ripieg. :$bantip., c. geogr. calcogr. 773 0 $aRollin, Charles <1661-1741>$tStoria antica e romana di Carlo Rollin versione ridotta a lezione migliore arricchita di annotazioni di un pił copioso indice delle materie e di incisioni in rame ... Vol. 1. [-48].$dVenezia : Dalla Tipografia di Alvisopoli, 1819-1822 (Venezia : Stampato a cura di Giuseppe Battaggia)$g6$w()4468 850 $aSeMil 852 $aSeMil$W1$xVenegono$y1$m3V VII 6 FA$j204125$B204125$CSeMilBibl$Z2$F217546 $8I 941 1 $a10 961 $aRecupero: Mantegazza 996 $6245$aVol. 6$9(OLS)http://semarc/title/108698 LEADER 01225nam a2200289 i 4500 001 000000082305 003 CaOOAMICUS 005 20180918123435.0 008 180827s2015 it u000 u ita u 013 $a54545 020 $a978-88-87915-84-6 040 $aSeMil$bita 100 1 $aGualdoni, Flaminio,$d<1954- >.$0(OLS)http://semarc/name/5698 245 13$aLa sede della Banca Popolare di Milano /$ctesto di Flaminio Gualdoni ; immmagini di Francesco Piras. 260 $aMilano :$bFMR,$c2015. 300 $a134 p. :$bin gran parte ill. ;$c33 cm. 500 $aIn custodia. 650 4$aBanca Popolare di Milano.$0(OLS)http://semarc/subject/47591 650 4$aBanca Popolare di Milano - Storia.$0(OLS)http://semarc/subject/29008 700 1 $aPiras, Francesco.$0(OLS)http://semarc/name/91940 850 $aSeMil 852 $aSeMil$W1$xVenegono$y1$m3M VI 113$j210135$B224186$CSeMilBibl$Z2$F224186 $81 961 $aOmaggio: Scola Card. Angelo 996 $6020$a978-88-87915-84-6$9(OLS)http://semarc/number/271379 996 $6245$aLa sede della Banca Popolare di Milano$9(OLS)http://semarc/title/405054 996 $6260$aMilano :$bFMR$9(OLS)http://semarc/publisher/46120